header

Professional Sharepoint 2013 administration (Record no. 28506)

MARC details
000 -LEADER
fixed length control field 01222nam a2200325Ia 4500
082 04 - DEWEY DECIMAL CLASSIFICATION NUMBER
Classification number 004.682
100 1# - MAIN ENTRY--AUTHOR NAME
Personal name Young, Shane.
245 10 - TITLE STATEMENT
Title Professional Sharepoint 2013 administration
250 ## - EDITION STATEMENT
Edition statement 1st ed.
260 ## - PUBLICATION, DISTRIBUTION, ETC. (IMPRINT)
Place of publication Indianapolis, IN :
Name of publisher John Wiley & Sons, Inc.,
Year of publication 2013.
300 ## - PHYSICAL DESCRIPTION
Number of Pages 805 p.
650 #0 - SUBJECT ADDED ENTRY--TOPICAL TERM
Topical Term Intranets (Computer networks)
856 40 - ELECTRONIC LOCATION AND ACCESS
Uniform Resource Identifier http://site.ebrary.com/lib/rucke/Doc?id=10687749

No items available.

© 2026 Rongo University
Contact us: librarian | system librarian | Rongo university